| 000 | 00876cam a2200265 4500 | ||
|---|---|---|---|
| 001 | X113402 | ||
| 008 | 000000n2001 000 0 eng u | ||
| 035 | _a(Sirsi) u113402 | ||
| 100 | _aWeller, A. | ||
| 245 | _aNew ideas for clicks and mortar | ||
| 260 | _c2001 | ||
| 490 |
_aEstates Gazette _v(0125) 23 June 2001, 137(1) |
||
| 520 | _aDescribes the problems with the internet listings market and property websites offering advice to agents and owners on strategies to build partnerships which will endure as both technology and service needs evolve. | ||
| 650 | _aEBUSINESS | ||
| 650 | _aE-COMMERCE | ||
| 650 | _aESTATE AGENCY | ||
| 650 | _aESTATE AGENTS | ||
| 650 | _aMARKETING | ||
| 650 | _aONLINE SERVICES | ||
| 650 | _aPROPERTY AGENTS | ||
| 650 | _aPROPERTY LISTINGS | ||
| 650 | _aWEBSITES | ||
| 690 | _aINFORMATION TECHNOLOGY-INTERNET | ||
| 942 | _n0 | ||
| 999 |
_c67563 _d67563 |
||